| 000 | 00436nam a2200157 i 4500 | ||
|---|---|---|---|
| 001 | 35754 | ||
| 003 | ES-MaACL | ||
| 005 | 20230906155214.0 | ||
| 007 | t| | ||
| 008 | 030214s1921 fr ||||1| fre d | ||
| 100 | 1 |
_aBoylesve, René. _931200 |
|
| 245 | 1 | 3 |
_aLe carrousse aux dux lezards verts / _cRené Boylesve. |
| 260 |
_aParís : _b[s.n., _c1921] ( _eLagny : _fE. Grevin) |
||
| 300 |
_a130 p. ; _c19 cm. |
||
| 852 |
_aES-MaACL _jF-12155 |
||
| 999 |
_c35754 _d35754 |
||